Methyl parathion / (Record no. 4466)

000 -LEADER
fixed length control field 01900nam a220048101 4500
001 - CONTROL NUMBER
control field ocm28948045
003 - CONTROL NUMBER IDENTIFIER
control field OCoLC
005 - DATE AND TIME OF LATEST TRANSACTION
control field 20220323113812.0
008 - FIXED-LENGTH DATA ELEMENTS--GENERAL INFORMATION
fixed length control field 931012s1993 sz a b i000 eng r
020 ## - INTERNATIONAL STANDARD BOOK NUMBER
International Standard Book Number 9241571454 :
035 ## - SYSTEM CONTROL NUMBER
System control number (OCoLC)28948045
040 ## - CATALOGING SOURCE
Language of cataloging eng
Modifying agency UOH
Transcribing agency ALUPE UNIVERSITY
041 0# - LANGUAGE CODE
Language code of text/sound track or separate title eng
Language code of summary or abstract frespa
046 ## - SPECIAL CODED DATES
Type of date code OCL-Dn
050 ## - LIBRARY OF CONGRESS CALL NUMBER
Classification number RA119
Item number .E58 1993
090 0# - LOCALLY ASSIGNED LC-TYPE CALL NUMBER (OCLC); LOCAL CALL NUMBER (RLIN)
Classification number (OCLC) (R) ; Classification number, CALL (RLIN) (NR) RA1242 .P56M4 1993
245 00 - TITLE STATEMENT
Title Methyl parathion /
Statement of responsibility, etc. first draft prepared by R.F. Hertel and co-workers.
260 ## - PUBLICATION, DISTRIBUTION, ETC.
Place of publication, distribution, etc. Geneva :
Name of publisher, distributor, etc. World Health Organization,
Date of publication, distribution, etc. c1993.
300 ## - PHYSICAL DESCRIPTION
Extent 244 p. :
Other physical details ill. ;
Dimensions 21 cm.
490 1# - SERIES STATEMENT
Series statement Environmental health criteria,
International Standard Serial Number 0250-863X ;
Volume/sequential designation 145.
500 ## - GENERAL NOTE
General note "IPCS, International Programme on Chemical Safety"--cover.
500 ## - GENERAL NOTE
General note "Published under the joint sponsorship of the United Nations Environment Programme, the International Labour Organisation, and the World Health Organization."
500 ## - GENERAL NOTE
General note "WHO Task Group on Environmental Health Criteria for Methyl Parathion"--p. 7.
500 ## - GENERAL NOTE
General note Text in English, summaries in French and Spanish.
504 ## - BIBLIOGRAPHY, ETC. NOTE
Bibliography, etc. note Includes bibliographical references (p. 179-221)
650 #0 - SUBJECT ADDED ENTRY--TOPICAL TERM
Topical term or geographic name entry element Environmental health.
650 #0 - SUBJECT ADDED ENTRY--TOPICAL TERM
Topical term or geographic name entry element Insecticides
General subdivision Toxicology.
650 #0 - SUBJECT ADDED ENTRY--TOPICAL TERM
Topical term or geographic name entry element Organophosphorus compounds
General subdivision Toxicology.
650 #2 - SUBJECT ADDED ENTRY--TOPICAL TERM
Topical term or geographic name entry element Environmental Exposure.
650 #2 - SUBJECT ADDED ENTRY--TOPICAL TERM
Topical term or geographic name entry element Methyl Parathion
General subdivision adverse effects.
650 #2 - SUBJECT ADDED ENTRY--TOPICAL TERM
Topical term or geographic name entry element Methyl Parathion
General subdivision poisoning.
650 #2 - SUBJECT ADDED ENTRY--TOPICAL TERM
Topical term or geographic name entry element Methyl Parathion
General subdivision toxicity.
700 1# - ADDED ENTRY--PERSONAL NAME
Personal name Hertel, R. F.
710 2# - ADDED ENTRY--CORPORATE NAME
Corporate name or jurisdiction name as entry element International Labour Organisation.
710 2# - ADDED ENTRY--CORPORATE NAME
Corporate name or jurisdiction name as entry element International Program on Chemical Safety.
710 2# - ADDED ENTRY--CORPORATE NAME
Corporate name or jurisdiction name as entry element United Nations Environment Programme.
710 2# - ADDED ENTRY--CORPORATE NAME
Corporate name or jurisdiction name as entry element WHO Task Group on Environmental Health Criteria for Methyl Parathion.
710 2# - ADDED ENTRY--CORPORATE NAME
Corporate name or jurisdiction name as entry element World Health Organization.
830 #0 - SERIES ADDED ENTRY--UNIFORM TITLE
Uniform title Environmental health criteria ;
Volume/sequential designation 145.
907 ## - LOCAL DATA ELEMENT G, LDG (RLIN)
a .b17597766
942 ## - ADDED ENTRY ELEMENTS (KOHA)
Source of classification or shelving scheme
Koha item type Book
Suppress in OPAC DO
Holdings
Withdrawn status Lost status Source of classification or shelving scheme Damaged status Not for loan Permanent Location Current Location Shelving location Date acquired Source of acquisition Total Checkouts Full call number Barcode Date last seen Price effective from Koha item type Public note
          AU LIBRARY AU LIBRARY Open Shelf 23.03.2022 DONATION FROM MOI UNIVERSITY   RA119 .E58 1993 28006545 23.03.2022 23.03.2022 Book DO

Powered by Koha